<?xml version="1.0" encoding="UTF-8"?>
<marc:record xmlns:marc="http://www.loc.gov/MARC21/slim">
   <marc:leader>00000nam a2200000 a 4500</marc:leader>
   <marc:datafield ind1="1" ind2=" " tag="100">
      <marc:subfield code="a">Haupt, Thomas</marc:subfield>
      <marc:subfield code="4">aut</marc:subfield>
      <marc:subfield code="e">Verfasser/-in</marc:subfield>
   </marc:datafield>
   <marc:datafield ind1=" " ind2=" " tag="653">
      <marc:subfield code="a">Kanarienvogel</marc:subfield>
   </marc:datafield>
   <marc:datafield ind1=" " ind2=" " tag="653">
      <marc:subfield code="a">Kanarienvögel bücher Kanarien bücher Kanarienvogel buch Kanarienvogel bücher kanarienvogel kanarienvögel</marc:subfield>
   </marc:datafield>
   <marc:datafield ind1=" " ind2=" " tag="653">
      <marc:subfield code="a">haustier vogel gesangskanarien kanarien vogel vogelarten haustier vogel als haustier kanarienvögel gesang</marc:subfield>
   </marc:datafield>
   <marc:datafield ind1=" " ind2=" " tag="653">
      <marc:subfield code="a">haustier vogelarten kanarien vögel kanarienvogel lebenserwartung was fressen kanarienvögel kanarienvogel zähmen</marc:subfield>
   </marc:datafield>
   <marc:datafield ind1=" " ind2=" " tag="653">
      <marc:subfield code="a">kanarien gesang vögel als haustiere wie lange brüten kanarienvögel haustiere vögel haustier vögel</marc:subfield>
   </marc:datafield>
   <marc:datafield ind1=" " ind2=" " tag="653">
      <marc:subfield code="a">Softcover / Ratgeber/Natur/Hobbytierhaltung</marc:subfield>
   </marc:datafield>
   <marc:datafield ind1=" " ind2=" " tag="653">
      <marc:subfield code="a">Ratgeber</marc:subfield>
   </marc:datafield>
   <marc:datafield ind1="0" ind2="0" tag="245">
      <marc:subfield code="a">Kanarienvögel</marc:subfield>
   </marc:datafield>
   <marc:datafield ind1="0" ind2="0" tag="245">
      <marc:subfield code="c">Autor: Thomas Haupt ; Fotograf: Oliver Giel</marc:subfield>
   </marc:datafield>
   <marc:datafield ind1=" " ind2="1" tag="264">
      <marc:subfield code="a">München</marc:subfield>
      <marc:subfield code="b">Gräfe und Unzer Verlag GmbH</marc:subfield>
      <marc:subfield code="c">2016</marc:subfield>
   </marc:datafield>
   <marc:datafield ind1="1" ind2=" " tag="490">
      <marc:subfield code="a">Tierratgeber</marc:subfield>
   </marc:datafield>
   <marc:datafield ind1=" " ind2=" " tag="250">
      <marc:subfield code="a">Aktualisierte Neuausgabe, 1. Auflage</marc:subfield>
   </marc:datafield>
   <marc:datafield ind1="1" ind2=" " tag="520">
      <marc:subfield code="a">Angaben aus der Verlagsmeldung

Kanarienvögel : Die wichtigsten Wohlfühl-Basics / von Thomas Haupt

Kanarienvögel lieben Gesellschaft - die von anderen Kanarien und die ihrer Menschen. Wenn sie sich rundum wohlfühlen, erkunden die Vögel neugierig ihre Umgebung, werden schnell zutraulich und entfalten ihr volles Gesangstalent. Und schon bald lassen sich die gefiederten Freunde aus dem eigenen Alltag nicht mehr wegdenken. Der Kanarien-Experte Thomas Haupt beantwortet im GU Tierratgeber Kanarienvögel alle wichtigen Fragen zu Auswahl und Kauf, zur richtigen Haltung und Pflege, zur ausgewogenen Ernährung, zur abwechslungsreichen Gestaltung des Vogelheims sowie zur sinnvollen Beschäftigung der Kanarien. Viele praktische Tipps zu Gesundheitsvorsorge und Nachwuchs runden diesen Ratgeber ab und garantieren den munteren Gesellen ein langes und glückliches Leben. Der Verhaltensdolmetscher erklärt darüber hinaus typische Verhaltensweisen der Kanarienvögel. Und mit SOS - was tun? ist Hilfe im Notfall garantiert.
</marc:subfield>
   </marc:datafield>
   <marc:datafield ind1=" " ind2=" " tag="020">
      <marc:subfield code="a">9783833855092</marc:subfield>
      <marc:subfield code="9">9783833855092</marc:subfield>
   </marc:datafield>
   <marc:datafield ind1=" " ind2=" " tag="020">
      <marc:subfield code="a">3833855096</marc:subfield>
      <marc:subfield code="9">3833855096</marc:subfield>
   </marc:datafield>
   <marc:datafield ind1=" " ind2=" " tag="041">
      <marc:subfield code="a">ger</marc:subfield>
   </marc:datafield>
   <marc:datafield ind1=" " ind2=" " tag="300">
      <marc:subfield code="a">64 Seiten</marc:subfield>
   </marc:datafield>
</marc:record>
